| 000 | 00454cam a22001814a 4500 | ||
|---|---|---|---|
| 005 | 20250605164404.0 | ||
| 008 | 250528s ||||||||||||||||||||||||d | ||
| 035 | _a24716 | ||
| 020 | _a199281602 | ||
| 040 |
_aGR-AtMCL _bgre _dGR-AtMCL _eAACR2 |
||
| 245 | 1 | _aCognitive Psychology / A Methods Companion | |
| 260 |
_bOxford University Press, _c2005 |
||
| 300 | _a258 | ||
| 700 | 1 |
_aNick Braisby _99512 |
|
| 942 | _cBK | ||
| 999 |
_c9578 _d9578 |
||